[Event "Titled Tuesday intern op 07th Jun Early"]
[Site "Chess.com INT"]
[Date "2022.06.07"]
[Round "6"]
[White "Daeschler, Florian"]
[Black "Vinod, R Sharna"]
[Result "0-1"]
[WhiteElo "2219"]
[BlackElo "2173"]
[PlyCount "78"]
[EventDate "2022.06.07"]
[EventType "swiss (blitz)"]
[EventRounds "11"]
[EventCountry "USA"]
[SourceTitle "CBM 208 Extra"]
[Source "ChessBase"]
[SourceDate "2022.07.31"]
[SourceVersion "1"]
[SourceVersionDate "2022.07.31"]
[SourceQuality "1"]

1. Nf3 d5 2. g3 Nf6 3. Bg2 g6 4. 0-0 Bg7 5. c4 c6 6. b3 0-0 7. Bb2 Bg4 8. Ne5 Nfd7 9. d4 Nxe5 10. dxe5 dxc4 11. Qc2 cxb3 12. axb3 Qc7 13. h3 Be6 14. f4 Qb6+ 15. Kh2 Qxb3 16. Qxb3 Bxb3 17. Nd2 Bd5 18. e4 Be6 19. g4 Rd8 20. Nf3 Na6 21. f5 Bc4 22. Rf2 Bd3 23. Ne1 Nc5 24. f6 exf6 25. exf6 Bh6 26. e5 Ba6 27. Ba3 Be3 28. Rf3 Bd4 29. Rc1 Bxe5+ 30. Kh1 Nd3 31. Nxd3 Rxd3 32. Be7 Rxf3 33. Bxf3 Bb5 34. h4 a5 35. Kg2 a4 36. g5 a3 37. h5 gxh5 38. Bxh5 a2 39. g6 hxg6 0-1

[Event "Titled Tuesday intern op 07th Jun Early"]
[Site "Chess.com INT"]
[Date "2022.06.07"]
[Round "11"]
[White "Tasev, Dejan"]
[Black "Vinod, R Sharna"]
[Result "1-0"]
[WhiteElo "2188"]
[BlackElo "2173"]
[PlyCount "65"]
[EventDate "2022.06.07"]
[EventType "swiss (blitz)"]
[EventRounds "11"]
[EventCountry "USA"]
[SourceTitle "CBM 208 Extra"]
[Source "ChessBase"]
[SourceDate "2022.07.31"]
[SourceVersion "1"]
[SourceVersionDate "2022.07.31"]
[SourceQuality "1"]

1. e4 c5 2. Nf3 d6 3. Nc3 Nc6 4. d4 cxd4 5. Nxd4 g6 6. Be3 Bg7 7. Qd2 Nf6 8. f3 0-0 9. Bc4 Bd7 10. Bb3 Rc8 11. h4 h5 12. g4 hxg4 13. h5 Nxh5 14. Nxc6 Rxc6 15. Bh6 Qa5 16. Bxg7 Kxg7 17. 0-0-0 g3 18. Rdg1 Rxc3 19. bxc3 Qe5 20. Rh4 a5 21. a3 Rc8 22. Kb2 Rc5 23. f4 Qf6 24. Rxh5 Rxh5 25. Rxg3 a4 26. Ba2 Bc6 27. Qe3 Qh4 28. Rf3 Rb5+ 29. Kc1 Qh1+ 30. Kd2 Rb2 31. Bc4 Rb1 32. Qe2 Qc1+ 33. Kd3 1-0

[Event "Titled Tuesday intern op 31st May Early"]
[Site "Chess.com INT"]
[Date "2022.05.31"]
[Round "11"]
[White "Fernandez Siles, Luis"]
[Black "Vinod, R Sharna"]
[Result "1-0"]
[WhiteElo "2242"]
[BlackElo "2173"]
[PlyCount "49"]
[EventDate "2022.05.31"]
[EventType "swiss (blitz)"]
[EventRounds "11"]
[EventCountry "USA"]
[SourceTitle "CBM 208 Extra"]
[Source "ChessBase"]
[SourceDate "2022.07.31"]
[SourceVersion "1"]
[SourceVersionDate "2022.07.31"]
[SourceQuality "1"]

1. e4 c5 2. Nf3 d6 3. Bb5+ Bd7 4. Bxd7+ Nxd7 5. 0-0 e6 6. Qe2 Be7 7. c3 a6 8. d4 Ngf6 9. Rd1 Qc7 10. d5 exd5 11. exd5 0-0 12. a4 Rfe8 13. Na3 Nb6 14. Bf4 Bf8 15. Qc2 Nbxd5 16. Bg5 h6 17. Bh4 Qc6 18. Nc4 g5 19. Bg3 b5 20. axb5 axb5 21. Rxa8 Rxa8 22. Na3 Nb6 23. Qf5 d5 24. Be5 Bg7 25. h4 1-0

[Event "Titled Tuesday intern op 31st May Early"]
[Site "Chess.com INT"]
[Date "2022.05.31"]
[Round "9"]
[White "Ismayil, Malak"]
[Black "Vinod, R Sharna"]
[Result "1-0"]
[WhiteElo "2001"]
[BlackElo "2173"]
[PlyCount "89"]
[EventDate "2022.05.31"]
[EventType "swiss (blitz)"]
[EventRounds "11"]
[EventCountry "USA"]
[SourceTitle "CBM 208 Extra"]
[Source "ChessBase"]
[SourceDate "2022.07.31"]
[SourceVersion "1"]
[SourceVersionDate "2022.07.31"]
[SourceQuality "1"]

1. e4 c5 2. Nf3 d6 3. d4 cxd4 4. Nxd4 Nf6 5. Nc3 g6 6. Bc4 Bg7 7. 0-0 Nc6 8. Nxc6 bxc6 9. Bg5 h6 10. Bh4 0-0 11. Qd2 Rb8 12. Bb3 Ba6 13. Rfe1 c5 14. Rad1 c4 15. Ba4 g5 16. Bg3 Nh5 17. b3 Nxg3 18. hxg3 e6 19. Ne2 Qb6 20. Qxd6 Rfd8 21. Qxb6 axb6 22. Rxd8+ Rxd8 23. bxc4 Bxc4 24. Bb3 Ba6 25. c4 Rd2 26. f3 b5 27. c5 b4 28. Nc1 Bd4+ 29. Kh2 Bxc5 30. f4 Kg7 31. Ba4 f6 32. Nb3 Rc2 33. Nd4 Rxa2 34. Nxe6+ Kf7 35. Nxc5 Bc4 36. Bb3 Bxb3 37. Nxb3 Rb2 38. Nd4 Rd2 39. Nf3 Rc2 40. e5 fxe5 41. Nxe5+ Kf6 42. fxg5+ hxg5 43. Ng4+ Kf5 44. Ne3+ Ke4 45. Nxc2+ 1-0

[Event "Titled Tuesday intern op 31st May Early"]
[Site "Chess.com INT"]
[Date "2022.05.31"]
[Round "3"]
[White "Jarocka, Liwia"]
[Black "Vinod, R Sharna"]
[Result "1/2-1/2"]
[WhiteElo "2006"]
[BlackElo "2173"]
[PlyCount "81"]
[EventDate "2022.05.31"]
[EventType "swiss (blitz)"]
[EventRounds "11"]
[EventCountry "USA"]
[SourceTitle "CBM 208 Extra"]
[Source "ChessBase"]
[SourceDate "2022.07.31"]
[SourceVersion "1"]
[SourceVersionDate "2022.07.31"]
[SourceQuality "1"]

1. e4 c5 2. Nf3 d6 3. c3 Nf6 4. Bd3 Nc6 5. Bc2 e5 6. 0-0 Be7 7. h3 0-0 8. d4 cxd4 9. cxd4 exd4 10. Nxd4 d5 11. Nc3 Nxd4 12. Qxd4 dxe4 13. Qxd8 Rxd8 14. Nxe4 Be6 15. Be3 Nd5 16. Bc5 Rdc8 17. Bxe7 Rxc2 18. Ba3 b5 19. b3 b4 20. Bc1 a5 21. Bg5 h6 22. Bh4 Nf4 23. Bg3 Ne2+ 24. Kh2 f5 25. Nd6 f4 26. Bh4 g5 27. Rfe1 gxh4 28. Nb5 Bd5 29. Rad1 Bc6 30. Nc7 Rc8 31. Ne6 Ng3 32. Nd4 Rxf2 33. Nxc6 Rxc6 34. Re7 Rc8 35. Rdd7 f3 36. Rg7+ Kf8 37. Rgf7+ Ke8 38. Rfe7+ Kf8 39. Rf7+ Ke8 40. Rfe7+ Kf8 41. Rf7+ 1/2-1/2

[Event "Titled Tuesday intern op 31st May Early"]
[Site "Chess.com INT"]
[Date "2022.05.31"]
[Round "2"]
[White "Pires, Marcos Vinicius Tor"]
[Black "Vinod, R Sharna"]
[Result "1-0"]
[WhiteElo "2287"]
[BlackElo "2173"]
[PlyCount "93"]
[EventDate "2022.05.31"]
[EventType "swiss (blitz)"]
[EventRounds "11"]
[EventCountry "USA"]
[SourceTitle "CBM 208 Extra"]
[Source "ChessBase"]
[SourceDate "2022.07.31"]
[SourceVersion "1"]
[SourceVersionDate "2022.07.31"]
[SourceQuality "1"]

1. e4 c5 2. c3 d5 3. exd5 Qxd5 4. d4 Nc6 5. Nf3 Nf6 6. Be3 Bg4 7. Be2 e6 8. h3 cxd4 9. cxd4 Bf5 10. Nc3 Qd6 11. Qb3 Be7 12. 0-0 0-0 13. Rfd1 Qb4 14. d5 exd5 15. Nxd5 Nxd5 16. Rxd5 Be6 17. Qxb4 Nxb4 18. Rd2 Rfd8 19. a3 Nd5 20. Bd4 Nf4 21. Bf1 Bd5 22. Kh2 Ne6 23. Rad1 Bb3 24. Re1 Nxd4 25. Rxd4 Bf6 26. Rb4 Bd5 27. Ne5 Re8 28. f4 Bxe5 29. fxe5 Bc6 30. Rd4 Rad8 31. Red1 Rxd4 32. Rxd4 Rxe5 33. Bc4 Re8 34. Rd6 g6 35. b4 Kg7 36. b5 Be4 37. Rd7 Rf8 38. a4 Kf6 39. a5 Bf5 40. Rxb7 Rc8 41. Bf1 Be6 42. Rxa7 Rc1 43. Be2 Rc2 44. Bf3 h5 45. b6 g5 46. b7 Rb2 47. Ra8 1-0

[Event "Titled Tuesday intern op 31st May Early"]
[Site "Chess.com INT"]
[Date "2022.05.31"]
[Round "6"]
[White "Richter, Nils"]
[Black "Vinod, R Sharna"]
[Result "0-1"]
[WhiteElo "2359"]
[BlackElo "2173"]
[PlyCount "64"]
[EventDate "2022.05.31"]
[EventType "swiss (blitz)"]
[EventRounds "11"]
[EventCountry "USA"]
[SourceTitle "CBM 208 Extra"]
[Source "ChessBase"]
[SourceDate "2022.07.31"]
[SourceVersion "1"]
[SourceVersionDate "2022.07.31"]
[SourceQuality "1"]

1. Nf3 Nf6 2. b3 d5 3. Bb2 c5 4. e3 Bg4 5. h3 Bxf3 6. Qxf3 Nc6 7. Bb5 e6 8. 0-0 Rc8 9. c4 Be7 10. cxd5 exd5 11. d4 cxd4 12. Bxd4 0-0 13. Bxc6 Rxc6 14. Nc3 a6 15. Rad1 Qa5 16. Bxf6 Rxf6 17. Nxd5 Rxf3 18. Nxe7+ Kh8 19. gxf3 Qg5+ 20. Kh2 Qxe7 21. f4 Rd8 22. Rc1 h6 23. Rc2 Rd6 24. Rfc1 Qe4 25. Rc5 Rg6 26. Rg1 Qf3 27. Rxg6 fxg6 28. Kg1 Qxh3 29. Rc7 Qf3 30. b4 h5 31. a4 h4 32. Kf1 h3 0-1

[Event "Titled Tuesday intern op 31st May Early"]
[Site "Chess.com INT"]
[Date "2022.05.31"]
[Round "5"]
[White "Sargissyan, Sargis"]
[Black "Vinod, R Sharna"]
[Result "1-0"]
[WhiteElo "2269"]
[BlackElo "2173"]
[PlyCount "83"]
[EventDate "2022.05.31"]
[EventType "swiss (blitz)"]
[EventRounds "11"]
[EventCountry "USA"]
[SourceTitle "CBM 208 Extra"]
[Source "ChessBase"]
[SourceDate "2022.07.31"]
[SourceVersion "1"]
[SourceVersionDate "2022.07.31"]
[SourceQuality "1"]

1. e4 c5 2. Nf3 d6 3. d4 cxd4 4. Nxd4 Nf6 5. Nc3 g6 6. Be3 Bg7 7. f3 0-0 8. Qd2 Nc6 9. 0-0-0 d5 10. exd5 Nxd5 11. Nxc6 bxc6 12. Bd4 Bxd4 13. Qxd4 Qb6 14. Nxd5 cxd5 15. Qxb6 axb6 16. Rxd5 Be6 17. Rd1 Rxa2 18. Bd3 Kg7 19. Rhe1 Rd8 20. Re4 b5 21. Rb4 Bc4 22. Kb1 Ra5 23. b3 Bxd3 24. Rxd3 Rxd3 25. cxd3 f6 26. Kb2 h5 27. Re4 e5 28. d4 exd4 29. Rxd4 Kf7 30. Rd5 Ke6 31. b4 Kxd5 32. bxa5 Kc5 33. Kb3 b4 34. a6 Kb6 35. Kxb4 Kxa6 36. Kc5 Ka5 37. Kd5 Kb4 38. Ke6 Kc3 39. Kxf6 Kd2 40. Kxg6 Ke3 41. Kxh5 Kf2 42. f4 1-0

[Event "Titled Tuesday intern op 31st May Early"]
[Site "Chess.com INT"]
[Date "2022.05.31"]
[Round "8"]
[White "Vinod, R Sharna"]
[Black "Kvaloy, Aksel Bu"]
[Result "0-1"]
[WhiteElo "2173"]
[BlackElo "2296"]
[PlyCount "78"]
[EventDate "2022.05.31"]
[EventType "swiss (blitz)"]
[EventRounds "11"]
[EventCountry "USA"]
[SourceTitle "CBM 208 Extra"]
[Source "ChessBase"]
[SourceDate "2022.07.31"]
[SourceVersion "1"]
[SourceVersionDate "2022.07.31"]
[SourceQuality "1"]

1. e4 c5 2. Nf3 d6 3. d4 cxd4 4. Nxd4 Nf6 5. Nc3 a6 6. h3 b5 7. g4 Bb7 8. Bg2 Nc6 9. Be3 e6 10. g5 Nd7 11. 0-0 Be7 12. Nxc6 Bxc6 13. f4 Nc5 14. Qg4 b4 15. Ne2 Bxe4 16. Bxe4 Nxe4 17. f5 Nxg5 18. h4 exf5 19. Qxf5 Ne6 20. Qxf7+ Kd7 21. Nf4 Nxf4 22. Qxf4 Qc8 23. Qe4 Qc6 24. Qg4+ Kc7 25. Rf7 Rae8 26. Raf1 Kd8 27. Qxb4 Rhf8 28. Bb6+ Kc8 29. R1f4 Rxf7 30. Rc4 Kb7 31. Rxc6 Kxc6 32. Qc4+ Kxb6 33. Qxf7 Rc8 34. Qxe7 Rxc2 35. Qxd6+ Kb7 36. Qd5+ Kb6 37. Qd4+ Kc7 38. Qxg7+ Kb6 39. Qxh7 Rxb2 0-1

[Event "Titled Tuesday intern op 26th Oct"]
[Site "Chess.com INT"]
[Date "2021.10.26"]
[Round "6"]
[White "Vinod, R Sharna"]
[Black "Kazakov, Mikhail"]
[Result "0-1"]
[WhiteElo "2173"]
[BlackElo "2516"]
[PlyCount "92"]
[EventDate "2021.10.26"]
[EventType "swiss (blitz)"]
[EventRounds "11"]
[EventCountry "USA"]
[SourceTitle "CBM 204 Extra"]
[Source "ChessBase"]
[SourceDate "2021.11.30"]
[SourceVersion "1"]
[SourceVersionDate "2021.11.30"]
[SourceQuality "1"]

1. e4 c5 2. Nf3 d6 3. d4 cxd4 4. Nxd4 Nf6 5. Nc3 a6 6. h3 e6 7. g4 Be7 8. Bg2 0-0 9. 0-0 Nc6 10. Be3 Qc7 11. f4 Bd7 12. Nb3 Na5 13. Nxa5 Qxa5 14. g5 Ne8 15. f5 Bd8 16. Qf3 Bb6 17. Kh1 Bxe3 18. Qxe3 Nc7 19. f6 g6 20. a3 Nb5 21. Ne2 Bc6 22. c4 Nc7 23. Rad1 Rfd8 24. b4 Qe5 25. Qf4 Qxf4 26. Nxf4 e5 27. Nd5 Ne6 28. Nb6 Rab8 29. Rd2 Nxg5 30. Rfd1 Nxe4 31. Bxe4 Bxe4+ 32. Kg1 d5 33. cxd5 Rd6 34. Nc4 Rxf6 35. Nxe5 Rf5 36. Ng4 Kg7 37. d6 Rd8 38. d7 Bc6 39. Rd6 h5 40. Ne3 Re5 41. Nc4 Re7 42. Nb6 Re6 43. Rxe6 fxe6 44. Kf2 Kf6 45. Ke3 Ke7 46. Kf4 Kf6 0-1

[Event "Titled Tuesday intern op 12th Oct"]
[Site "Chess.com INT"]
[Date "2021.10.12"]
[Round "2"]
[White "Hardaway, Brewington"]
[Black "Vinod, R Sharna"]
[Result "1-0"]
[WhiteElo "2027"]
[BlackElo "2173"]
[PlyCount "85"]
[EventDate "2021.10.12"]
[EventType "swiss (blitz)"]
[EventRounds "11"]
[EventCountry "USA"]
[SourceTitle "EXT 2023"]
[Source "ChessBase"]
[SourceDate "2022.10.05"]
[SourceVersion "1"]
[SourceVersionDate "2022.10.05"]
[SourceQuality "1"]

1. e4 c5 2. Nf3 d6 3. d4 cxd4 4. Nxd4 Nf6 5. Nc3 g6 6. g3 Bg7 7. Bg2 0-0 8. 0-0 Nc6 9. h3 Bd7 10. Be3 a6 11. Nd5 Nxd5 12. exd5 Ne5 13. b3 Bc8 14. Rc1 b5 15. f4 Nd7 16. Nc6 Qe8 17. Re1 Bb7 18. Bd4 Bxc6 19. Bxg7 Kxg7 20. dxc6 Nf6 21. g4 Qd8 22. Qd4 Kg8 23. c7 Qxc7 24. Bxa8 Rxa8 25. c4 bxc4 26. Rxc4 Qb7 27. Qe3 e6 28. Qc3 Nd5 29. Qf3 a5 30. f5 exf5 31. gxf5 a4 32. Rd4 Ra5 33. Re8+ Kg7 34. f6+ Kh6 35. Rh4+ Kg5 36. Rg4+ Kh6 37. Qf2 Qb6 38. Rd4 Nxf6 39. Qxf6 Rd5 40. Ree4 axb3 41. Rh4+ Rh5 42. Rxh5+ Kxh5 43. Qh4# 1-0

[Event "Titled Tuesday intern op 12th Oct"]
[Site "Chess.com INT"]
[Date "2021.10.12"]
[Round "6"]
[White "Vinod, R Sharna"]
[Black "Kalajzic, Ivan"]
[Result "0-1"]
[WhiteElo "2173"]
[BlackElo "2112"]
[PlyCount "102"]
[EventDate "2021.10.12"]
[EventType "swiss (blitz)"]
[EventRounds "11"]
[EventCountry "USA"]
[SourceTitle "EXT 2023"]
[Source "ChessBase"]
[SourceDate "2022.10.05"]
[SourceVersion "1"]
[SourceVersionDate "2022.10.05"]
[SourceQuality "1"]

1. e4 Nc6 2. d4 e5 3. d5 Nce7 4. d6 Ng6 5. dxc7 Qxc7 6. c4 Bc5 7. Nc3 Nf6 8. Bg5 Qb6 9. Qd2 Bb4 10. Bxf6 Qxf6 11. Nf3 0-0 12. a3 Bxc3 13. Qxc3 b6 14. h4 Bb7 15. Bd3 Nf4 16. g3 Nxd3+ 17. Qxd3 Qc6 18. Nxe5 Qxe4+ 19. Qxe4 Bxe4 20. 0-0 d5 21. Rfe1 f6 22. cxd5 Bxd5 23. Nd3 Kf7 24. Rac1 Rac8 25. f4 Rfd8 26. Nb4 Bb7 27. Rxc8 Rxc8 28. Re2 a5 29. Na2 h6 30. Nc3 Rd8 31. Kf2 Rd3 32. Re3 Rd2+ 33. Re2 Rd6 34. Ke3 g5 35. hxg5 fxg5 36. fxg5 hxg5 37. Rf2+ Kg6 38. Rd2 Re6+ 39. Kf2 Rf6+ 40. Kg1 Rf3 41. Kh2 Rf1 42. g4 Kf6 43. Kg3 Ke5 44. Re2+ Kd4 45. Re7 Rf3+ 46. Kh2 Bc6 47. Re6 Kc5 48. Rg6 Rf2+ 49. Kh3 Rxb2 50. Rxg5+ Kc4 51. Ne4 Bxe4 0-1

[Event "Titled Tuesday intern op 12th Oct"]
[Site "Chess.com INT"]
[Date "2021.10.12"]
[Round "3"]
[White "Vinod, R Sharna"]
[Black "Mickiewicz, Piotr"]
[Result "0-1"]
[WhiteElo "2173"]
[BlackElo "2331"]
[PlyCount "98"]
[EventDate "2021.10.12"]
[EventType "swiss (blitz)"]
[EventRounds "11"]
[EventCountry "USA"]
[SourceTitle "EXT 2023"]
[Source "ChessBase"]
[SourceDate "2022.10.05"]
[SourceVersion "1"]
[SourceVersionDate "2022.10.05"]
[SourceQuality "1"]

1. e4 c6 2. d4 d5 3. Nc3 dxe4 4. Nxe4 Bf5 5. Ng3 Bg6 6. h4 h6 7. Nf3 Nd7 8. h5 Bh7 9. Bd3 Bxd3 10. Qxd3 e6 11. Bd2 Ngf6 12. 0-0-0 Be7 13. Ne4 Nxe4 14. Qxe4 Nf6 15. Qe2 Qd5 16. Kb1 Qe4 17. Be3 Ng4 18. Nd2 Qf5 19. Nb3 0-0 20. f3 Nxe3 21. Qxe3 Rfd8 22. g4 Qd5 23. f4 c5 24. Rhg1 c4 25. Nc1 Bf6 26. c3 Kf8 27. g5 Qf5+ 28. Ka1 Be7 29. Ne2 Rd5 30. Ng3 Qc2 31. gxh6 gxh6 32. Ne4 Ra5 33. Qg3 Ke8 34. Qg8+ Bf8 35. Nf6+ Ke7 36. d5 Qb3 37. a3 Rxa3+ 38. bxa3 Qxa3+ 39. Kb1 Qb3+ 40. Ka1 Qxc3+ 41. Kb1 Qb3+ 42. Kc1 Kxf6 43. Qh8+ Ke7 44. d6+ Kd7 45. Qf6 Qa3+ 46. Kb1 Qb3+ 47. Kc1 Qe3+ 48. Kb1 Qe4+ 49. Ka1 Qf5 0-1

[Event "Titled Tuesday intern op 05th Oct"]
[Site "Chess.com INT"]
[Date "2021.10.05"]
[Round "11"]
[White "Johnson, Ben"]
[Black "Vinod, R Sharna"]
[Result "1-0"]
[WhiteElo "2118"]
[BlackElo "2173"]
[PlyCount "101"]
[EventDate "2021.10.05"]
[EventType "swiss (blitz)"]
[EventRounds "11"]
[EventCountry "USA"]
[SourceTitle "CBM 204 Extra"]
[Source "ChessBase"]
[SourceDate "2021.11.30"]
[SourceVersion "1"]
[SourceVersionDate "2021.11.30"]
[SourceQuality "1"]

1. Nf3 d5 2. e3 c5 3. b3 Nc6 4. Bb2 Nf6 5. Bb5 Bg4 6. h3 Bxf3 7. Qxf3 e6 8. Bxc6+ bxc6 9. d4 Ne4 10. 0-0 f5 11. dxc5 Qc7 12. Qh5+ g6 13. Qe2 Bg7 14. c4 0-0 15. cxd5 exd5 16. Rc1 a5 17. Na3 Qe7 18. Rab1 Nxc5 19. Bxg7 Kxg7 20. Qc2 Ne4 21. Qb2+ Qf6 22. Rxc6 Qxb2 23. Rxb2 Rfc8 24. Rbc2 Rxc6 25. Rxc6 a4 26. b4 Rb8 27. b5 Kf7 28. b6 Ke7 29. Nb5 Kd7 30. Rc7+ Kd8 31. Rc6 Kd7 32. Rc7+ Kd8 33. Rxh7 Rxb6 34. Nd4 Rb1+ 35. Kh2 Nxf2 36. Ra7 Rh1+ 37. Kg3 Ne4+ 38. Kf4 Rg1 39. Ke5 Rxg2 40. Kxd5 Rxa2 41. Ke6 Rh2 42. Nc6+ Kc8 43. Ne7+ Kb8 44. Rxa4 Kb7 45. Rb4+ Ka6 46. Nd5 Rxh3 47. Kd7 Rxe3 48. Nxe3 Nf6+ 49. Ke6 f4 50. Kxf6 fxe3 51. Re4 1-0

[Event "Titled Tuesday intern op 05th Oct"]
[Site "Chess.com INT"]
[Date "2021.10.05"]
[Round "10"]
[White "Vinod, R Sharna"]
[Black "Brahami, Lamine"]
[Result "1-0"]
[WhiteElo "2173"]
[BlackElo "2201"]
[PlyCount "43"]
[EventDate "2021.10.05"]
[EventType "swiss (blitz)"]
[EventRounds "11"]
[EventCountry "USA"]
[SourceTitle "CBM 204 Extra"]
[Source "ChessBase"]
[SourceDate "2021.11.30"]
[SourceVersion "1"]
[SourceVersionDate "2021.11.30"]
[SourceQuality "1"]

1. e4 c5 2. Nf3 d6 3. d4 cxd4 4. Nxd4 Nf6 5. Nc3 a6 6. h3 e5 7. Nb3 b5 8. g4 Be6 9. Bg2 Be7 10. a3 0-0 11. 0-0 Nbd7 12. f4 Nb6 13. Na5 Qc7 14. g5 Nfd7 15. f5 Bc4 16. Nxc4 Nxc4 17. Nd5 Qd8 18. f6 gxf6 19. gxf6 Nxf6 20. Nxe7+ Qxe7 21. Bg5 Qe6 22. Rxf6 1-0

[Event "Titled Tuesday intern op 05th Oct"]
[Site "Chess.com INT"]
[Date "2021.10.05"]
[Round "3"]
[White "Vinod, R Sharna"]
[Black "Glavina, Pablo"]
[Result "0-1"]
[WhiteElo "2173"]
[BlackElo "2404"]
[PlyCount "62"]
[EventDate "2021.10.05"]
[EventType "swiss (blitz)"]
[EventRounds "11"]
[EventCountry "USA"]
[SourceTitle "CBM 204 Extra"]
[Source "ChessBase"]
[SourceDate "2021.11.30"]
[SourceVersion "1"]
[SourceVersionDate "2021.11.30"]
[SourceQuality "1"]

1. e4 e5 2. Nf3 Nc6 3. Bb5 a6 4. Ba4 Nf6 5. 0-0 Bc5 6. c3 b5 7. Bb3 d6 8. d4 Bb6 9. Re1 0-0 10. h3 Bb7 11. a3 h6 12. d5 Ne7 13. Nbd2 c6 14. dxc6 Bxc6 15. Bc2 Qc7 16. Nf1 Ng6 17. Ng3 Rad8 18. Nf5 d5 19. exd5 Nxd5 20. Qe2 Ndf4 21. Bxf4 Nxf4 22. Qxe5 Qxe5 23. Rxe5 Bxf3 24. gxf3 Rd2 25. Be4 Nxh3+ 26. Kg2 Nf4+ 27. Kg3 Nh5+ 28. Kg4 Nf6+ 29. Kh3 Rxf2 30. Rg1 Nxe4 31. fxe4 Rxf5 0-1

[Event "Titled Tuesday intern op 05th Oct"]
[Site "Chess.com INT"]
[Date "2021.10.05"]
[Round "1"]
[White "Vinod, R Sharna"]
[Black "Katz, Alexander R"]
[Result "0-1"]
[WhiteElo "2173"]
[BlackElo "2401"]
[PlyCount "98"]
[EventDate "2021.10.05"]
[EventType "swiss (blitz)"]
[EventRounds "11"]
[EventCountry "USA"]
[SourceTitle "CBM 204 Extra"]
[Source "ChessBase"]
[SourceDate "2021.11.30"]
[SourceVersion "1"]
[SourceVersionDate "2021.11.30"]
[SourceQuality "1"]

1. e4 e5 2. Nf3 Nc6 3. Bb5 a6 4. Ba4 Nge7 5. 0-0 d6 6. c3 Bd7 7. d4 Ng6 8. Re1 Be7 9. Nbd2 0-0 10. Nf1 Bg4 11. Ng3 Nh4 12. Bxc6 bxc6 13. Qd3 Bxf3 14. gxf3 Qd7 15. Nf5 Nxf5 16. exf5 exd4 17. cxd4 Bf6 18. Bd2 Rfe8 19. Bc3 g6 20. fxg6 hxg6 21. f4 Qg4+ 22. Qg3 Qf5 23. Re3 Kg7 24. Rae1 Rh8 25. h3 Rh4 26. Kg2 Rxf4 27. Rf3 Rxf3 28. Qxf3 Qg5+ 29. Qg3 Qd5+ 30. Qf3 Qxa2 31. Qxc6 Rh8 32. d5 Rh5 33. Bxf6+ Kxf6 34. Qc3+ Kg5 35. Qe3+ Kf6 36. Qc3+ Re5 37. f4 Qxd5+ 38. Kg3 g5 39. fxe5+ dxe5 40. Rf1+ Kg6 41. Qxc7 f5 42. Qc3 f4+ 43. Kh2 e4 44. Rf2 e3 45. Rg2 f3 46. Rg3 f2 47. Qxe3 f1Q 48. Qe8+ Qff7 49. Qxf7+ Qxf7 0-1

[Event "Titled Tuesday intern op 29th June"]
[Site "Chess.com INT"]
[Date "2021.06.29"]
[Round "8"]
[White "Musovic, Armin"]
[Black "Vinod, R Sharna"]
[Result "1-0"]
[WhiteElo "2274"]
[BlackElo "2173"]
[PlyCount "47"]
[EventDate "2021.06.29"]
[EventType "swiss (blitz)"]
[EventRounds "11"]
[EventCountry "USA"]
[SourceTitle "CBM 203 Extra"]
[Source "ChessBase"]
[SourceDate "2021.09.30"]
[SourceVersion "1"]
[SourceVersionDate "2021.09.30"]
[SourceQuality "1"]

1. e4 d5 2. exd5 Nf6 3. h3 Nxd5 4. d4 g6 5. a3 Bg7 6. c4 Nb6 7. Nf3 0-0 8. Nc3 Nc6 9. Be3 e5 10. d5 Ne7 11. Be2 Nf5 12. Bc5 Re8 13. 0-0 Nd7 14. Be3 Nxe3 15. fxe3 e4 16. Nd4 Qg5 17. Rf4 Be5 18. Nxe4 Qe7 19. Rg4 Bxd4 20. Qxd4 f5 21. d6 cxd6 22. c5 dxc5 23. Bc4+ Kf8 24. Qh8# 1-0

[Event "IND-chB 45th"]
[Site "Dindigul"]
[Date "2007.06.17"]
[Round "10"]
[White "Vinod, R Sharna"]
[Black "Prakash, GB."]
[Result "0-1"]
[WhiteElo "2238"]
[BlackElo "2364"]
[PlyCount "94"]
[EventDate "2007.06.11"]
[EventType "swiss"]
[EventRounds "12"]
[EventCountry "IND"]
[SourceTitle "CBM 119 Extra"]
[Source "ChessBase"]
[SourceDate "2007.09.04"]
[SourceVersion "1"]
[SourceVersionDate "2007.09.04"]
[SourceQuality "1"]

1. e4 c6 2. Ne2 e5 3. d4 d6 4. Nbc3 Nf6 5. g3 Be7 6. Bg2 Na6 7. h3 0-0 8. g4 Re8 9. dxe5 dxe5 10. Qxd8 Rxd8 11. Be3 Be6 12. Rd1 Rxd1+ 13. Kxd1 b5 14. a3 Nd7 15. Nb1 Nac5 16. Nec3 Nb6 17. Nd2 a5 18. Kc1 b4 19. Ncb1 Rb8 20. axb4 axb4 21. Rd1 h6 22. Bf1 Ra8 23. Nb3 Bxb3 24. cxb3 Nxb3+ 25. Kc2 Nc5 26. Nd2 Kf8 27. f3 Ke8 28. Bxc5 Bxc5 29. Nc4 Nxc4 30. Bxc4 Bd4 31. f4 Ke7 32. h4 Bf2 33. fxe5 Bxh4 34. Rf1 f6 35. Kb3 Ra5 36. Rf5 Rxe5 37. Rxe5+ fxe5 38. Kxb4 Bf2 39. Kc3 Bd4+ 40. Kc2 Kf6 41. b3 Kg5 42. Be6 g6 43. Kd3 h5 44. gxh5 gxh5 45. b4 h4 46. Ke2 Kf4 47. Kf1 Kg3 0-1